| 000 | 00475nam a2200157Ia 4500 | ||
|---|---|---|---|
| 008 | 210716s2006 xx 000 0 und d | ||
| 020 | _a8120329627 | ||
| 041 | _aeng | ||
| 082 | _a004.22 STAW | ||
| 100 | _aStallings, William. | ||
| 245 |
_aComputer organization and architecture: designing for performance. _bDesigning for performance. |
||
| 250 | _a6 | ||
| 260 |
_aNew Delhi _bPrentice Hall of India _c2006 |
||
| 300 | _aXIX,815 | ||
| 650 | _aComputer Arch., Org.(004.22) | ||
| 999 |
_c185380 _d185380 |
||